Bogotá en escena 2005 noventa ensayos de crítica teatral (Registro nro. 92788)

Detalles MARC
000 -ENCABEZADO
Número de control [NR] 01292nam a22003017a 4500
008 - DE LONGITUD FIJA DE DATOS DE ELEMENTOS - INFORMACIÓN GENERAL
Elementos de longitud fija [NR] 130821s2006 ck gr spa
020 ## - NUMERO INTERNACIONAL NORMALIZADO PARA LIBROS [R]
Número Internacional Normalizado del libro [NR] 9789588321097
040 ## - FUENTE DE CATALOGACION [NR]
Agencia de catalogación original [NR] Co-BoUCM
Idioma de catalogación [NR] spa
041 00 - CODIGO DE IDIOMA [R]
Código de idioma para texto/pista de sonido o título separado [R] Español
100 1# - ASIENTO PRINCIPAL--NOMBRE PERSONAL [NR]
Nombre personal [NR] Bello, Gilberto
ID Autoridad 172010
245 10 - MENCION DE TITULO [NR]
Título [NR] Bogotá en escena 2005 noventa ensayos de crítica teatral
Mención de responsabilidad, etc. [NR] Gilberto Bello, Carlos José Reyes, Luis Alberto Sanabria.
260 ## - PUBLICACION, DISTRIBUCION, ETC. (PIE DE IMPRENTA) [R]
Lugar de publicación, distribución, etc. [R] Bogotá (Colombia)
Nombre del editor, distribuidor, etc. [R] Instituto Distrital de Cultura y Turismo
Fecha de publicación, distribución, etc. [R] 2006
300 ## - DESCRIPCION FISICA [R]
Extensión [R] 381 páginas
490 ## - MENCION DE SERIE [R]
Mención de serie [R] Colección Teatro en Estudio
504 ## - NOTA DE BIBLIOGRAFIA, ETC. [R]
Nota de bibliografía, etc. [NR]
650 04 - ASIENTO SECUNDARIO DE MATERIA - TERMINO TEMATICO [R]
Término temático o nombre geográfico como elemento de entrada [NR] Crítica teatral
Subdivisión geográfica [R] Colombia
Subdivisión de forma [R] Ensayos, conferencias, etc.
9 (RLIN) 12206
650 04 - ASIENTO SECUNDARIO DE MATERIA - TERMINO TEMATICO [R]
Término temático o nombre geográfico como elemento de entrada [NR] Literatura colombiana
9 (RLIN) 18629
650 04 - ASIENTO SECUNDARIO DE MATERIA - TERMINO TEMATICO [R]
Término temático o nombre geográfico como elemento de entrada [NR] Literatura colombiana
Subdivisión general [R] Historia y crítica
9 (RLIN) 74041
650 04 - ASIENTO SECUNDARIO DE MATERIA - TERMINO TEMATICO [R]
Término temático o nombre geográfico como elemento de entrada [NR] Teatro callejero
Subdivisión geográfica [R] Colombia
Subdivisión general [R] Historia y crítica
9 (RLIN) 25052
650 04 - ASIENTO SECUNDARIO DE MATERIA - TERMINO TEMATICO [R]
Término temático o nombre geográfico como elemento de entrada [NR] Teatro colombiano
Subdivisión general [R] Historia y crítica
9 (RLIN) 105946
650 04 - ASIENTO SECUNDARIO DE MATERIA - TERMINO TEMATICO [R]
Término temático o nombre geográfico como elemento de entrada [NR] Teatro
Subdivisión general [R] Historia y crítica
9 (RLIN) 25046
700 1# - ASIENTO SECUNDARIO - NOMBRE PERSONAL [R]
Nombre personal [NR] Reyes, Carlos José
9 (RLIN) 66563
700 1# - ASIENTO SECUNDARIO - NOMBRE PERSONAL [R]
Nombre personal [NR] Sanabria, Luis Alberto
9 (RLIN) 172011
710 2# - ASIENTO SECUNDARIO - NOMBRE CORPORATIVO [R]
Nombre corporativo o de jurisdicción como elemento de entrada [NR] Bogotá (Colombia).
Unidad subordinada [R] Alcaldía Mayor
9 (RLIN) 47601
710 2# - ASIENTO SECUNDARIO - NOMBRE CORPORATIVO [R]
Nombre corporativo o de jurisdicción como elemento de entrada [NR] Bogotá (Colombia).
Unidad subordinada [R] Alcaldía Mayor.
-- Instituto Distrital de Cultura y Turismo. IDCT
9 (RLIN) 64155
942 ## - ELEMENTOS DE ENTRADA AGREGADOS (KOHA)
Tipo de ítem principal el descrito en 300a Libro
Tema principal Literatura
Edición 1
Prefijo de la signatura top. (colección) Literatura - Colombia
Parte restante de la signatura top. B417b
Sistema de clasificación DEWEY
Clasificación 862.44
Existencias
Fecha de último préstamo Total préstamos Signatura topográfica Código de barras Última vez visto Ejemplar Price effective from Tipo de ítem Perdido Sistema de clasificación Dañado No prestable Tipo de ítem específico Suprimido Ubicación habitual Ubicación actual Localización Fecha de creación Forma de adquisición Costo
20/03/2018 1 C 862.44 B417b 100099984 09/12/2025 Ej.1 03/02/2013 Libro   DEWEY     Libro   Claustro Claustro 2do piso 30/09/2009 Donación 26000.00